000 00336nam a22001337a 4500
008 230704b xxu||||| |||| 00| 0 eng d
020 _a1589063769
082 _a339.5
_bBAY
100 _cTamim Bayoumi
245 _aGEM A New International macroeconomics Model
260 _aWashington DC
_bIMF
_c2004
300 _a29p
942 _2ddc
_cBK
999 _c3581
_d3581